Aarogya Shikshan : Sarwanchi Mulabhut Garaj (Record no. 155725)
[ view plain ]
| 000 -LEADER | |
|---|---|
| fixed length control field | 00319nam a2200121Ia 4500 |
| 008 - FIXED-LENGTH DATA ELEMENTS--GENERAL INFORMATION | |
| fixed length control field | 230411s9999 xx 000 0 und d |
| 041 ## - LANGUAGE CODE | |
| Language code of text/sound track or separate title | eng |
| 082 ## - DEWEY DECIMAL CLASSIFICATION NUMBER | |
| Classification number | AN/610.7/INA/B05202 |
| 100 ## - MAIN ENTRY--PERSONAL NAME | |
| Personal name | Inamdar Madhuri |
| 245 ## - TITLE STATEMENT | |
| Title | Aarogya Shikshan : Sarwanchi Mulabhut Garaj |
| 260 ## - PUBLICATION, DISTRIBUTION, ETC. (IMPRINT) | |
| Place of publication, distribution, etc. | Mumbai |
| Date of publication, distribution, etc. | 1994 |
| Withdrawn status | Lost status | Damaged status | Not for loan | Collection code | Home library | Current library | Date acquired | Vendor | Cost, normal purchase price | Bill number | Total Checkouts | Full call number | Barcode | Date last seen | Cost, replacement price | Bill Date | Koha item type | Original Barcode |
|---|---|---|---|---|---|---|---|---|---|---|---|---|---|---|---|---|---|---|
| Smt. Bakul Tambat Institute of Nursing Education | Smt. Bakul Tambat Institute of Nursing Education | 16/12/2008 | B.J.Medical Co-oprative College Stores | 25.00 | 441 | AN 610.7 INA B05202 | BTIN-BK-5202 | 11/04/2023 | 19.00 | 14/10/2004 | Books | B05202 |